000 00620nam a2200229Ia 4500
003 OSt
005 20220928114142.0
006 a|||||r|||| 00| 0
007 ta
008 220927b |||||||| |||| 00| 0 eng d
024 _a48660
037 _cTextual
040 _aSDCL
_cSDCL
_beng
041 _2eng
_aeng
082 _aV73y7N08, M1
100 _aDivine Robert A Ed.
_9437203
245 0 _aExploring the Johnson years
260 _aAustin
_bUniversity Of Texas Press
_c1981
300 _aviii,280p
_ccm.
942 _hV73y7N08, M1
_cTEXL
_2CC
999 _c753171
_d753171